Rèquiem per l'escala = Réquiem por la escalera
ISBN:
84-7794-805-4
Publicado:
Barcelona :
Centre de Cultura Contemporània de Barcelona : Institut d'Edicions de la Diputació de Barcelona ,
2001
Descripción Física:
219 p. : il. col. ; 24 cm
Materias:
Escales -- Exposicions
MARC
| LEADER | 00000nam a2200000Ia 4500 | ||
|---|---|---|---|
| 001 | 13206 | ||
| 008 | 160829s2001 xx 000 0 cat d | ||
| 020 | |a 84-7794-805-4 | ||
| 080 | |a B-1-392 | ||
| 245 | |a Rèquiem per l'escala = Réquiem por la escalera | ||
| 260 | |a Barcelona : |b Centre de Cultura Contemporània de Barcelona : |b Institut d'Edicions de la Diputació de Barcelona, |c 2001 | ||
| 300 | |a 219 p. : |b il. col. ; |c 24 cm | ||
| 650 | |a Escales |x Exposicions |9 37506 | ||
| 710 | 2 | |a Centre de Cultura Contemporània de Barcelona |9 52510 | |
| 710 | |a Barcelona (Catalunya : Província). |b Institut d'Edicions |9 53854 | ||
| 901 | |a Arxiu | ||
| 942 | |n 1 | ||
| 952 | |0 0 |1 0 |4 0 |6 B1392 |7 1 |9 47900 |a Arxiu |b Arxiu |d 2016-12-01 |l 0 |o B-1-392 |p 13206 |r 2016-12-01 00:00:00 |w 2016-12-01 |y ARXIU | ||
| 999 | |c 51700 |d 51700 | ||